000 00538nam a2200217Ia 4500
003 OSt
005 20220928144020.0
006 a|||||r|||| 00| 0
007 ta
008 220927b |||||||| |||| 00| 0 eng d
024 _a23528
037 _cTextual
040 _aSDCL
_cSDCL
_beng
041 _2eng
_aeng
082 _aO152,3:g, L2;1
100 _aShukl Ramlakhan
_9403806
245 0 _aHindi upanyaas kala.
260 _c1972
942 _hO152,3:g, L2;1
_cTEXL
_2CC
999 _c825473
_d825473